Every NBA Player to Average 20+PPG in the 2020-2021 Season - Statistics

General Stats
  • This quiz has been taken 23 times
  • The average score is 24 of 31
Answer Stats
Average Team Player % Correct
28.1 Bucks Giannis Antetokounmpo
96%
28.5 76ers Joel Embiid
96%
32.0 Warriors Stephen Curry
96%
31.3 Wizards Bradley Beal
91%
28.8 Trailblazers Damian Lillard
91%
24.7 Celtics Jaylen Brown
91%
26.4 Celtics Jaysom Tatum
91%
27.7 Mavericks Luka Doncic
91%
27.4 Bulls Zach LaVine
91%
25.2 Kings De'Aaron Fox
87%
25.6 Suns Devin Booker
87%
26.4 Jazz Donovan Mitchell
87%
24.8 Clippers Kawhi Leonard
87%
26.4 Nuggets Nikola Jokic
87%
25.3 Hawks Trae Young
87%
27.0 Pelicans Zion Williamson
87%
21.5 Heat Jimmy Butler
83%
24.1 Knicks Julius Randle
83%
26.9 Nets Kyrie Irving
83%
23.3 Clippers Paul George
83%
23.8 Pelicans Brandon Ingram
78%
21.6 Spurs DeMar DeRozan
78%
20.4 Bucks Khris Middleton
78%
23.4 Bulls Nikola Vucevic
78%
21.4 Raptors Pascal Siakam
74%
20.3 Pacers Domantas Sabonis
61%
22.2 Wizards Russell Westbrook
57%
24.3 Cavaliers Collin Sexton
48%
20.4 Hornets Terry Rozier
39%
21.2 Pacers Malcolm Brogdon
35%
22.3 Pistons Jerami Grant
30%
No matching quizzes found
Score Distribution
Percent of People with Each Score
Percentile by Number Answered
Your Score History
You have not taken this quiz